|
|
|
|
| LEADER |
01015nam a22002777a 4500 |
| 001 |
4626 |
| 003 |
BD-DhAAL |
| 005 |
20151226222342.0 |
| 008 |
151226s 1993enka|||| |||| 001 0 eng d |
| 020 |
|
|
|a 0273603876
|
| 040 |
|
|
|a BD-DhAAL
|c BD-DhAAL
|
| 082 |
|
|
|a 658.4/094
|
| 100 |
|
|
|a Hodgson, Philip
|9 16998
|
| 245 |
|
|
|a What do high performance managers really do? /
|c Philip Hodgson, Stuart Crainer.
|
| 260 |
|
|
|a London :
|b Pitman Pub.,
|c 1993.
|
| 300 |
|
|
|a xv, 206 p. :
|b ill. ;
|c 24 cm.
|
| 490 |
|
|
|a Financial times (Pitman Publishing)
|
| 504 |
|
|
|6 Includes bibliography.
|
| 541 |
|
|
|e 4626
|
| 650 |
|
|
|a Executives
|x Attitudes.
|9 16999
|
| 650 |
|
|
|a Achievement motivation.
|9 17000
|
| 650 |
|
|
|a Organizational effectiveness.
|9 17001
|
| 700 |
|
|
|a Crainer, Stuart
|9 17002
|
| 942 |
|
|
|2 ddc
|c BK
|
| 999 |
|
|
|c 36455
|d 36455
|
| 952 |
|
|
|0 0
|1 0
|2 ddc
|4 0
|6 658_400000000000000_094_HOD
|7 0
|9 57373
|a SCL
|b SCL
|c GEN
|d 2015-12-26
|e Gift: The British Council
|l 1
|m 1
|o 658.4094 HOD
|p 3020004626
|r 2023-03-10
|s 2023-02-27
|t 1
|w 2015-12-26
|y BK
|